Statistics for Most Expensive Footballer by Country

Click here to take the quiz!

General Stats

  • This quiz has been taken 3,158 times
    (1,768 since last reset)
  • The average score is 29 of 50

Answer Stats

Answer% Correct
Neymar
100%
Kylian Mbappe
98%
Virgil van Dijk
92%
Romelu Lukaku
91%
Jack Grealish
90%
Enzo Fernandez
87%
Achraf Hakimi
86%
Joao Felix
86%
Christian Pulisic
84%
Luis Suarez
83%
Sadio Mane
81%
Robert Lewandowski
80%
Gareth Bale
79%
Heung-min Son
78%
Mateo Kovacic
78%
James Rodriguez
77%
Kai Havertz
76%
Mohamed Salah
75%
Granit Xhaka
72%
Erling Haaland
71%
Mkyhailo Mudryk
70%
Alexander Isak
69%
Keylor Navas
69%
Alexis Sanchez
67%
Riyad Mahrez
67%
Jorginho
66%
Dusan Vlahovic
64%
Kepa Arrizabalaga
63%
Raul Jimenez
59%
Samuel Eto'o
59%
Victor Osimhen
59%
Nicolas Pepe
50%
Antonio Valencia
49%
Dominik Szoboszlai
46%
Kieran Tierney
43%
Pavel Nedved
40%
Miguel Almiron
38%
Marko Arnautovic
37%
Aleksandr Golovin
35%
Hakan Calhanoglu
33%
Yves Bissouma
29%
Hidetoshi Nakata
20%
Jefferson Farfan
16%
Harry Souttar
14%
Alireza Jahanbakhsh
12%
Joachim Andersen
11%
Nathan Collins
11%
Aymen Abdennour
5%
Dango Ouattara
5%
Naif Hazazi
0%

Score Distribution

Percentile by Number Answered

Percent of People with Each Score

Your Score History

You have not taken this quiz since the last reset